| 000 | 01418nam0a22003011 4500 | ||
|---|---|---|---|
| 001 | v19\rc\1275411 | ||
| 005 | 20260621041754.0 | ||
| 035 | _a(NLR Aleph) 004426846 | ||
| 090 |
_a4212633 _c4212633 |
||
| 100 | _a20060306d1896 |||y0rusy50 ca | ||
| 101 | 0 | _arus | |
| 102 | _aRU | ||
| 105 | _ay z ||||| | ||
| 200 | 1 | _a[Стенографический отчет] | |
| 210 |
_aСанкт-Петербург _d1896 |
||
| 215 |
_a389 с. _d24 |
||
| 225 | 1 |
_aИздание Русского общества пчеловодства _fПервый Съезд русских пчеловодов, устроенный Рус. о-вом пчеловодства в С.-Петербурге в 1893 г. _v№ 7 |
|
| 309 | _aБез тит. л. | ||
| 311 | _aБеспл. прил. к "Вестнику Рус. о-ва пчеловодства" за 2-й и 3-й г. | ||
| 422 | 0 |
_12001#$aВестник Русского общества пчеловодства$vГ. 2, 3 _tВестник Русского общества пчеловодства |
|
| 540 | 1 | 3 | _aСтенографический отчет |
| 710 | 1 | 2 |
_aСъезд русских пчеловодов _d1 _f1893 _eПетербург |
| 712 | 0 | 2 |
_aРусское общество пчеловодства _3RU\NLR\AUTH\889981132 _9458472 |
| 801 | 0 |
_aRU _bNLR _gpsbo |
|
| 801 | 1 |
_aRU _bProSoft-M _2rusmarc |
|
| 852 |
_aNLR _j65-7/456 |
||
| 942 | _cBOOK | ||
| 980 | _aNB | ||